<?xml version="1.0" encoding="UTF-8"?>
<record
    xmlns:xsi="http://www.w3.org/2001/XMLSchema-instance"
    xsi:schemaLocation="http://www.loc.gov/MARC21/slim http://www.loc.gov/standards/marcxml/schema/MARC21slim.xsd"
    xmlns="http://www.loc.gov/MARC21/slim">

  <leader>02371nam a2200433 a 4500</leader>
  <controlfield tag="001">000013599</controlfield>
  <controlfield tag="003">DO-SdBNP</controlfield>
  <controlfield tag="005">20150813115113.0</controlfield>
  <controlfield tag="007">000013599</controlfield>
  <controlfield tag="008">150130s2011    dr ac         000 0 spa d</controlfield>
  <datafield tag="020" ind1=" " ind2=" ">
    <subfield code="a">9789945173673 (v. 1)</subfield>
  </datafield>
  <datafield tag="020" ind1=" " ind2=" ">
    <subfield code="a">9789945173680 (v. 2)</subfield>
  </datafield>
  <datafield tag="040" ind1=" " ind2=" ">
    <subfield code="a">BPMSU</subfield>
    <subfield code="b">spa</subfield>
    <subfield code="c">BPMSU</subfield>
  </datafield>
  <datafield tag="092" ind1=" " ind2=" ">
    <subfield code="a">xxxx</subfield>
    <subfield code="b">xxxx</subfield>
  </datafield>
  <datafield tag="245" ind1="0" ind2="0">
    <subfield code="a">Lengua y literatura :</subfield>
    <subfield code="b">educaci&#xF3;n media /</subfield>
    <subfield code="c">Manuel Garc&#xED;a Cartagena...[et al.] ; direcci&#xF3;n editorial Cristina amiama Espaillat ; ilustraciones Rebeca Jim&#xE9;nez.</subfield>
  </datafield>
  <datafield tag="260" ind1=" " ind2=" ">
    <subfield code="a">Santo Domingo :</subfield>
    <subfield code="b">SM,</subfield>
    <subfield code="c">2011.</subfield>
  </datafield>
  <datafield tag="300" ind1=" " ind2=" ">
    <subfield code="a">4 v. :</subfield>
    <subfield code="b">il., retrs. ;</subfield>
    <subfield code="c">29 cm.</subfield>
  </datafield>
  <datafield tag="490" ind1="1" ind2=" ">
    <subfield code="a">Educaci&#xF3;n en valores</subfield>
  </datafield>
  <datafield tag="500" ind1=" " ind2=" ">
    <subfield code="a">Educaci&#xF3;n media</subfield>
  </datafield>
  <datafield tag="500" ind1=" " ind2=" ">
    <subfield code="a">La biblioteca solamente posee los volumenes 1 y 2.</subfield>
  </datafield>
  <datafield tag="505" ind1="1" ind2=" ">
    <subfield code="a">v. 1 :</subfield>
    <subfield code="g">unidad 1 --</subfield>
    <subfield code="t">Articulos de opini&#xF3;n --</subfield>
    <subfield code="g">unidad 2 --</subfield>
    <subfield code="t">Textos narrativos --</subfield>
    <subfield code="g">unidad 3 --</subfield>
    <subfield code="t">Textos po&#xE9;ticos --</subfield>
    <subfield code="g">unidad 4 --</subfield>
    <subfield code="t">Textos descriptivos --</subfield>
    <subfield code="g">unidad 5 --</subfield>
    <subfield code="t">Textos expositivo-narrativos --</subfield>
    <subfield code="g">unidad 6 --</subfield>
    <subfield code="t">La entrevista --</subfield>
    <subfield code="g">unidad 7 --</subfield>
    <subfield code="t">Textos informativos --</subfield>
    <subfield code="g">unidad 8 --</subfield>
    <subfield code="t">Textos explicativos --</subfield>
    <subfield code="g">unidad 9 --</subfield>
    <subfield code="t">Textos argumentativos --</subfield>
    <subfield code="g">unidad 10 --</subfield>
    <subfield code="t">Textos dram&#xE1;ticos --</subfield>
    <subfield code="g">unidad 11 --</subfield>
    <subfield code="t">Textos publicitarios --</subfield>
    <subfield code="g">unidad 12 --</subfield>
    <subfield code="t">Actas de reuni&#xF3;n --</subfield>
  </datafield>
  <datafield tag="505" ind1="1" ind2=" ">
    <subfield code="a">v. 2 :</subfield>
    <subfield code="g">unidad 1 --</subfield>
    <subfield code="t">Textos expositivos --</subfield>
    <subfield code="g">unidad 2 --</subfield>
    <subfield code="t">Textos expositivos-descriptivos --</subfield>
    <subfield code="g">unidad 3 --</subfield>
    <subfield code="t">Informes --</subfield>
    <subfield code="g">unidad 4 --</subfield>
    <subfield code="t">Rese&#xF1;as --</subfield>
    <subfield code="g">unidad 5 --</subfield>
    <subfield code="t">Cartas formales --</subfield>
    <subfield code="g">unidad 6 --</subfield>
    <subfield code="t">Textos argumentativos --</subfield>
    <subfield code="g">unidad 7 --</subfield>
    <subfield code="t">Ensayos argumentativos --</subfield>
    <subfield code="g">unidad 8 --</subfield>
    <subfield code="t">Discursos argumentativos --</subfield>
    <subfield code="g">unidad 9 --</subfield>
    <subfield code="t">La argumentaci&#xF3;n en los medios --</subfield>
    <subfield code="g">unidad 10 --</subfield>
    <subfield code="t">Exposiciones argumentativas --</subfield>
    <subfield code="g">unidad 11 --</subfield>
    <subfield code="t">Textos instructivos --</subfield>
    <subfield code="g">unidad 12 --</subfield>
    <subfield code="t">Textos expositivos --</subfield>
  </datafield>
  <datafield tag="700" ind1="1" ind2=" ">
    <subfield code="a">Garc&#xED;a Cartagena, Manuel</subfield>
  </datafield>
  <datafield tag="700" ind1="1" ind2=" ">
    <subfield code="a">&#xC1;lvaro, Salvador</subfield>
  </datafield>
  <datafield tag="700" ind1="1" ind2=" ">
    <subfield code="a">Paredes, Florentino</subfield>
  </datafield>
  <datafield tag="700" ind1="1" ind2=" ">
    <subfield code="a">Sanz, Marta</subfield>
  </datafield>
  <datafield tag="700" ind1="1" ind2=" ">
    <subfield code="a">Bazarra, Lourdes</subfield>
  </datafield>
  <datafield tag="700" ind1="1" ind2=" ">
    <subfield code="a">Casanova, Olga</subfield>
  </datafield>
  <datafield tag="700" ind1="1" ind2=" ">
    <subfield code="a">Amiama Espaillat, Cristina</subfield>
    <subfield code="e">dir. ed.</subfield>
  </datafield>
  <datafield tag="700" ind1="1" ind2=" ">
    <subfield code="a">Jim&#xE9;nez, Rebeca</subfield>
    <subfield code="e">il.</subfield>
  </datafield>
  <datafield tag="830" ind1=" " ind2="0">
    <subfield code="a">Educaci&#xF3;n en valores</subfield>
  </datafield>
  <datafield tag="930" ind1=" " ind2="1">
    <subfield code="l">BND01</subfield>
    <subfield code="m">LF1</subfield>
    <subfield code="8">20091126</subfield>
    <subfield code="f">04</subfield>
    <subfield code="p">HD</subfield>
    <subfield code="g">8502</subfield>
    <subfield code="h">e. 3</subfield>
  </datafield>
  <datafield tag="930" ind1=" " ind2="1">
    <subfield code="l">BND01</subfield>
    <subfield code="m">LF1</subfield>
    <subfield code="8">20091126</subfield>
    <subfield code="f">01</subfield>
    <subfield code="p">HD</subfield>
    <subfield code="g">8501</subfield>
  </datafield>
  <datafield tag="930" ind1=" " ind2="1">
    <subfield code="l">BND01</subfield>
    <subfield code="m">LF1</subfield>
    <subfield code="8">20091126</subfield>
    <subfield code="f">01</subfield>
    <subfield code="p">HD</subfield>
    <subfield code="g">8501</subfield>
    <subfield code="h">e. 2</subfield>
  </datafield>
  <datafield tag="942" ind1=" " ind2=" ">
    <subfield code="2">ddc</subfield>
    <subfield code="c">BK</subfield>
  </datafield>
  <datafield tag="952" ind1=" " ind2=" ">
    <subfield code="0">0</subfield>
    <subfield code="1">0</subfield>
    <subfield code="2">ddc</subfield>
    <subfield code="4">0</subfield>
    <subfield code="7">0</subfield>
    <subfield code="8">DOM</subfield>
    <subfield code="a">BPMET</subfield>
    <subfield code="b">BPMET</subfield>
    <subfield code="d">2015-08-13</subfield>
    <subfield code="l">0</subfield>
    <subfield code="p">BPMET15080386</subfield>
    <subfield code="r">2015-08-13</subfield>
    <subfield code="t">v. 1</subfield>
    <subfield code="w">2015-08-13</subfield>
    <subfield code="y">BK</subfield>
  </datafield>
  <datafield tag="952" ind1=" " ind2=" ">
    <subfield code="0">0</subfield>
    <subfield code="1">0</subfield>
    <subfield code="2">ddc</subfield>
    <subfield code="4">0</subfield>
    <subfield code="7">0</subfield>
    <subfield code="8">DOM</subfield>
    <subfield code="a">BPMET</subfield>
    <subfield code="b">BPMET</subfield>
    <subfield code="d">2015-08-13</subfield>
    <subfield code="l">0</subfield>
    <subfield code="p">BPMET15080387</subfield>
    <subfield code="r">2015-08-13</subfield>
    <subfield code="t">v. 2</subfield>
    <subfield code="w">2015-08-13</subfield>
    <subfield code="y">BK</subfield>
  </datafield>
  <datafield tag="956" ind1=" " ind2=" ">
    <subfield code="a">DGARCIA</subfield>
    <subfield code="b">10</subfield>
    <subfield code="c">20150806</subfield>
    <subfield code="l">BND01</subfield>
    <subfield code="h">0938</subfield>
  </datafield>
  <datafield tag="956" ind1=" " ind2=" ">
    <subfield code="a">YLOCKWARD</subfield>
    <subfield code="b">10</subfield>
    <subfield code="c">20150806</subfield>
    <subfield code="l">BND01</subfield>
    <subfield code="h">1354</subfield>
  </datafield>
  <datafield tag="956" ind1=" " ind2=" ">
    <subfield code="a">VMATEO</subfield>
    <subfield code="b">10</subfield>
    <subfield code="c">20150813</subfield>
    <subfield code="l">BPMSU</subfield>
    <subfield code="h">00151</subfield>
  </datafield>
  <datafield tag="999" ind1=" " ind2=" ">
    <subfield code="c">8198</subfield>
    <subfield code="d">8198</subfield>
  </datafield>
</record>
